00788nam a2200205 a 450000100100000000500170001000800410002704000250006808200150009310000390010824500430014725000110019026000330020130000210023449000220025550400730027783000290035095201860037999900170056500003500220250526115843.0111024s1968 ag 000 0 spa d aDO-SdBNPbspacBNPHU axxxxbxxxx1 aMarcuse, Herbert,d1898-19799512810aCultura y sociedad /cHerbert Marcuse. a3a ed. aBuenos Aires, :bSur,c1968. a126 p. :b20 cm.1 aEstudios alemanes aIncluye referencias bibliográficas y notas al pie de las páginas 0aEstudios alemanes948254 001050718MOaGRbGRcHDd2011-10-24iLF1l0oxxxx xxxxp35002-10r2020-06-25w2020-06-25y1zPerteneció a la biblioteca personal de Juan Isidro Jimenes Grullón.ZNo se presta c34493d34493